• 首页
  • 本馆介绍
  • 公告通知
  • 最新文献
  • 馆藏检索
  • 电子资源
  • 读者导购
  • 参考咨询
  • 我的图书馆
  • 登录
  • 详细信息显示
  • 放入我的书架
  • 预约/预借图书
  • 作者相关作品
  • 分类相关作品
  • 丛书相关作品
  • 出版社相关作品

书目信息

  • 表格格式
  • 工作单格式
  • 卡片格式
题名:
哲学概论
    
 
作者: 邬昆如 主编
分册:  
出版信息: 北京   中国人民大学出版社  2009.11
页数: 445页
开本: 25cm
丛书名:
单 册:
中图分类: B0
科图分类:
主题词: 哲学理论
电子资源:
ISBN: 978-7-300-06236-5
000 00526nam0 2200193 450
001 1130309061
005 20110831082716.74
010    @a978-7-300-06236-5@dCNY36.80
100    @a20110831d2009 km y0chiy0120 ea
101 0  @achi
102    @aCN@b110000
200 1  @a哲学概论@Azhe xue gai lun@f邬昆如主编@Fwu kun ru zhu bian
210    @a北京@c中国人民大学出版社@d2009.11
215    @a445页@d25cm
606 0  @a哲学理论
690    @aB0@v5
701  0 @a邬昆如@Awu kun ru@4主编
801  0 @aCN@bNISOFT@c20110831
905    @aBZT@dB0@e3
    
    哲学概论/邬昆如主编.-北京:中国人民大学出版社,2009.11
    445页;25cm
    
    
    ISBN 978-7-300-06236-5:CNY36.80
    
●
相关链接 在五车中查询图书 在当当中查询图书 在豆瓣中查询图书


正题名:哲学概论     索取号:B0/3         预约/预借

序号 登录号 条形码 馆藏地/架位号 状态 备注
1 792127   2000792127   样本书库/样001架A面5层2列/ [索取号:B0/3] 在馆    
2 792128   2000792128   中心书库南/001架B面2层1列/ [索取号:B0/3] 在馆    
3 792129   2000792129   中心书库南/001架B面2层1列/ [索取号:B0/3] 在馆    
4 792130   2000792130   中心书库南/001架B面2层1列/ [索取号:B0/3] 在馆    
5 792131   2000792131   中心书库南/001架B面2层1列/ [索取号:B0/3] 在馆    
6 792132   2000792132   中心书库南/001架B面2层1列/ [索取号:B0/3] 在馆    
山东省滨州职业学院图书馆 欢迎您!
大连网信软件有限公司© 版权所有